Slovenské štátne občianstvo

Bibliographic Details
Other Authors: Bartáky, Alexander (Compiler), Lalka, Imrich (Compiler)
Format: Book
Language:Slovak
PhysicalDescription:159 s. 8°
Published: Bratislava Ministerstvo vnútra 1941
Subjects:

MARC

LEADER 00000cam a2200000 a 4500
001 vtls008363687
003 SK-MaSNL
005 20260301164916.0
008 250313s1941 xo 000 0 slo
015 |a SNBA19391941-000076 
035 |a SK01SNKBKSD120010055904 
035 |a urn:nbn:sk:snk-am3i934 
035 |a C7BDA0C5-EC0A-42F1-8BA2-88031B5EC3B6 
035 |a urn:nbn:sk:snk-am00dy0m 
035 |a SKM000058367 
040 |a SNK  |b slo  |c SNK  |e AACR2 
041 0 |a slo 
044 |a xo  |c SK 
080 |a 342(437.6)  |2 1981 
245 0 0 |a Slovenské štátne občianstvo  |c sostavili: Alexander Bartáky, Imrich Lalka 
260 |a Bratislava  |b Ministerstvo vnútra  |c 1941  |e Bratislava  |f Štátna kníhtlačiareň 
300 |a 159 s.  |c 8° 
650 0 7 |a štátne občianstvo  |2 SNKPH  |9 1616 
651 7 |a Slovensko (1939-1945)  |2 SNKPHgeo  |9 172088 
655 7 |a príručky  |2 SNKPH  |9 74364 
700 1 |a Bartáky, Alexander  |4 com  |9 532977 
700 1 |a Lalka, Imrich  |4 com  |9 532978 
852 |a Slovenská národná knižnica 
958 |a OND 
958 |a RK 
958 |a TL 
999 |c 822213  |d 824143 
952 |a SNK  |b SNK  |y VYP  |7 0  |p 17A0433762  |o snkSD 6244 D1  |i snkKSF 2579/56  |8 5  |0 0  |1 0  |4 0  |d 2004-07-01  |l 0  |r 2005-01-01 00:00:00  |w 2026-02-24 
952 |a SNK  |b SNK  |y PREZ  |7 0  |p 17A0910095  |o snkSD 6244  |i snk4704/49  |0 0  |1 0  |4 0  |d 2019-01-11  |f 1  |l 0  |r 2025-11-14 00:00:00  |w 2026-02-24